[Event "Villa Ballester op 73rd"]
[Site "Buenos Aires"]
[Date "2024.01.23"]
[Round "5"]
[White "Coro, Lucas"]
[Black "Asprelli, Gaspar"]
[Result "1/2-1/2"]
[WhiteElo "2296"]
[BlackElo "2226"]
[PlyCount "43"]
[EventDate "2024.01.19"]
[EventType "swiss"]
[EventRounds "9"]
[EventCountry "ARG"]
[SourceTitle "CB06_2024"]
[SourceDate "2024.02.07"]
[SourceVersion "1"]
[SourceVersionDate "2024.02.07"]
[SourceQuality "1"]

1. Nf3 Nf6 2. g3 d5 3. Bg2 Bf5 4. 0-0 c6 5. d3 e6 6. Nh4 Bg4 7. h3 Bh5 8. f4 Bc5+ 9. Kh1 Qb6 10. Nc3 Be7 11. g4 Bg6 12. Qe1 d4 13. Nd1 Nd5 14. f5 exf5 15. gxf5 Bh5 16. e4 Nb4 17. Qg3 Nd7 18. c3 Nc2 19. Rb1 Na3 20. Ra1 Nc2 21. Rb1 Na3 22. Ra1 1/2-1/2

[Event "Buenos Aires Lopez Memorial"]
[Site "Buenos Aires"]
[Date "2023.07.03"]
[Round "8"]
[White "Asprelli, Gaspar"]
[Black "Paveto, Kevin"]
[Result "0-1"]
[WhiteElo "2157"]
[BlackElo "2446"]
[PlyCount "124"]
[EventDate "2023.06.27"]
[EventType "tourn"]
[EventRounds "9"]
[EventCountry "ARG"]
[SourceTitle "EXT 2024"]
[Source "ChessBase"]
[SourceDate "2023.10.10"]
[SourceVersion "1"]
[SourceVersionDate "2023.10.10"]
[SourceQuality "1"]

1. e4 e5 2. Nf3 Nc6 3. Bb5 a6 4. Ba4 Nf6 5. 0-0 b5 6. Bb3 Bb7 7. d3 Be7 8. a4 b4 9. Re1 0-0 10. Nbd2 d6 11. a5 Bc8 12. c3 Rb8 13. Bc4 bxc3 14. bxc3 Na7 15. d4 exd4 16. cxd4 Nb5 17. Qc2 d5 18. Bd3 dxe4 19. Nxe4 h6 20. Nxf6+ Bxf6 21. Bf4 Nxd4 22. Nxd4 Qxd4 23. Ra4 Rb4 24. Bh7+ Kh8 25. Re4 Rxa4 26. Rxd4 Rxd4 27. Be3 Rd5 28. Be4 Rxa5 29. h3 Re8 30. Qc6 Rae5 31. Bd5 Kg8 32. Bf4 Re1+ 33. Kh2 R1e7 34. Bc4 Bd4 35. Bxf7+ Kxf7 36. Qd5+ Be6 37. Qxd4 c6 38. Qb6 Bd5 39. Qxa6 Re4 40. Be3 R8e6 41. Qc8 Rg6 42. Qf5+ Rf6 43. Qc8 Ree6 44. Qc7+ Kg8 45. Bf4 Rf7 46. Qb8+ Kh7 47. Bg3 Rg6 48. Qb6 Re6 49. Qc5 Re4 50. Qc2 Kg8 51. Qb2 Re8 52. Qd4 Re2 53. Qb6 Rc2 54. Qb8+ Kh7 55. Qb1 Be4 56. Qb4 Bg6 57. h4 c5 58. Qg4 h5 59. Qe6 c4 60. Qc6 Rc1 61. f3 c3 62. Qc4 c2 0-1

[Event "Buenos Aires Lopez Memorial"]
[Site "Buenos Aires"]
[Date "2023.06.27"]
[Round "1"]
[White "Asprelli, Gaspar"]
[Black "Perez Candelas, Andres Eloy"]
[Result "1-0"]
[WhiteElo "2157"]
[BlackElo "2160"]
[PlyCount "49"]
[EventDate "2023.06.27"]
[EventType "tourn"]
[EventRounds "9"]
[EventCountry "ARG"]
[SourceTitle "EXT 2024"]
[Source "ChessBase"]
[SourceDate "2023.10.10"]
[SourceVersion "1"]
[SourceVersionDate "2023.10.10"]
[SourceQuality "1"]

1. e4 e6 2. d4 d5 3. e5 c5 4. c3 Nc6 5. Nf3 Bd7 6. Be2 Nge7 7. Na3 cxd4 8. cxd4 Nf5 9. Nc2 Be7 10. 0-0 Qb6 11. Rb1 Rc8 12. b4 0-0 13. Bd3 Kh8 14. g4 Nh6 15. h3 f6 16. exf6 Rxf6 17. g5 Rxf3 18. Qxf3 Nf5 19. Bxf5 Rf8 20. b5 Rxf5 21. Qd3 Nd8 22. f4 Be8 23. Ba3 Bg6 24. Bxe7 Rxg5+ 25. fxg5 1-0

[Event "ARG-ch sf 98th"]
[Site "Buenos Aires"]
[Date "2023.05.06"]
[Round "8"]
[White "Fiorito, Fabian"]
[Black "Asprelli, Gaspar"]
[Result "0-1"]
[WhiteElo "2335"]
[BlackElo "2179"]
[PlyCount "98"]
[EventDate "2023.04.29"]
[EventType "swiss"]
[EventRounds "9"]
[EventCountry "ARG"]
[SourceTitle "CBM 214 Extra"]
[Source "ChessBase"]
[SourceDate "2023.07.31"]
[SourceVersion "1"]
[SourceVersionDate "2023.07.31"]
[SourceQuality "1"]

1. d4 Nf6 2. Nc3 d5 3. Bg5 Nbd7 4. e3 e6 5. a3 c5 6. Bf4 a6 7. g4 Nb8 8. g5 Nfd7 9. h4 Nc6 10. Nf3 b5 11. Bg2 Nb6 12. Ne2 Bd6 13. c3 0-0 14. h5 Qe7 15. g6 fxg6 16. hxg6 h6 17. Rh5 Bd7 18. Bxd6 Qxd6 19. Nf4 cxd4 20. cxd4 Rxf4 21. exf4 Qxf4 22. Rh4 Qf6 23. Kf1 Nc4 24. Qe2 Rf8 25. Rd1 Nd6 26. Rg4 Ne4 27. Kg1 Qf5 28. Rxe4 dxe4 29. Nh2 Qxg6 30. Qxe4 Qxe4 31. Bxe4 Ne7 32. Rc1 Rc8 33. Rc5 Bc6 34. Bb1 Bd5 35. Ng4 Rf8 36. Ne3 Rf4 37. Rc7 Kf8 38. Ra7 Rxd4 39. Rxa6 Bf3 40. Kh2 Rd2 41. b4 Rxf2+ 42. Kg3 Rb2 43. Bh7 Bc6 44. Ng4 Bd5 45. Ne5 g5 46. Ra7 h5 47. Bd3 Nf5+ 48. Bxf5 exf5 49. Nd7+ Ke7 0-1

[Event "Mar del Plata op 52nd"]
[Site "Mar del Plata"]
[Date "2023.04.03"]
[Round "4"]
[White "Spata, German"]
[Black "Asprelli, Gaspar"]
[Result "1/2-1/2"]
[WhiteElo "2364"]
[BlackElo "2179"]
[PlyCount "60"]
[EventDate "2023.04.01"]
[EventType "swiss"]
[EventRounds "9"]
[EventCountry "ARG"]
[SourceTitle "CBM 213 Extra"]
[Source "ChessBase"]
[SourceDate "2023.05.31"]
[SourceVersion "1"]
[SourceVersionDate "2023.05.31"]
[SourceQuality "1"]

1. d4 Nf6 2. Bg5 g6 3. Bxf6 exf6 4. e3 f5 5. g3 d6 6. Bg2 Nd7 7. c4 Nf6 8. Nc3 h5 9. h4 Bh6 10. Nh3 0-0 11. 0-0 c6 12. Nf4 Bd7 13. b4 Ng4 14. d5 Bxf4 15. exf4 c5 16. bxc5 Qa5 17. Qb3 Qxc5 18. Qxb7 Qxc4 19. Qxd7 Qxc3 20. Rac1 Qa3 21. Rc7 a5 22. Rc2 Rad8 23. Qc6 Rfe8 24. Rb1 Rb8 25. Rd1 Qb4 26. Bf1 Re1 27. Rxe1 Qxe1 28. Qxd6 Rb1 29. Rc8+ Kh7 30. Rh8+ Kxh8 1/2-1/2

[Event "ARG-ch sf 97th"]
[Site "Buenos Aires"]
[Date "2022.09.10"]
[Round "3"]
[White "Meza Astrada, Agustin"]
[Black "Asprelli, Gaspar"]
[Result "1-0"]
[WhiteElo "1669"]
[BlackElo "2120"]
[PlyCount "27"]
[EventDate "2022.09.08"]
[EventType "swiss"]
[EventRounds "9"]
[EventCountry "ARG"]
[SourceTitle "CBM 210 Extra"]
[Source "ChessBase"]
[SourceDate "2022.11.30"]
[SourceVersion "1"]
[SourceVersionDate "2022.11.30"]
[SourceQuality "1"]

1. e4 c5 2. Nf3 e6 3. d4 cxd4 4. Nxd4 Nc6 5. Nc3 Nf6 6. Ndb5 Bb4 7. Bf4 Nxe4 8. Qf3 d5 9. 0-0-0 Bxc3 10. Nc7+ Ke7 11. bxc3 Bd7 12. c4 g5 13. cxd5 gxf4 14. Qxe4 1-0

[Event "ARG-chT"]
[Site "Villa Martelli"]
[Date "2022.08.28"]
[Round "4.5"]
[White "Bertorello, Juan Manuel"]
[Black "Asprelli, Gaspar"]
[Result "1/2-1/2"]
[WhiteElo "2265"]
[BlackElo "2146"]
[PlyCount "69"]
[EventDate "2022.08.26"]
[EventType "team-swiss"]
[EventRounds "8"]
[EventCountry "ARG"]
[SourceTitle "EXT 2023"]
[Source "ChessBase"]
[SourceDate "2022.10.05"]
[SourceVersion "1"]
[SourceVersionDate "2022.10.05"]
[SourceQuality "1"]
[WhiteTeam "San Isidro"]
[BlackTeam "Tigre"]
[WhiteTeamCountry "ARG"]
[BlackTeamCountry "ARG"]

1. e4 c5 2. Nf3 e6 3. d4 cxd4 4. Nxd4 Nf6 5. Nc3 Nc6 6. Ndb5 Bb4 7. a3 Bxc3+ 8. Nxc3 d5 9. Bd3 dxe4 10. Nxe4 Nxe4 11. Bxe4 Qxd1+ 12. Kxd1 Bd7 13. Be3 f5 14. Bd3 Kf7 15. Kc1 e5 16. f3 Be6 17. b3 a6 18. Kb2 Rac8 19. Rhe1 Rhe8 20. Rad1 Rcd8 21. Bd2 Kf6 22. Bc3 g5 23. h4 h6 24. hxg5+ hxg5 25. g3 f4 26. gxf4 gxf4 27. Re4 Nd4 28. Bxd4 Rxd4 29. Rxd4 exd4 30. Be4 Bf5 31. Bxb7 Re2 32. Rxd4 Rxc2+ 33. Ka1 Rc1+ 34. Kb2 Rc2+ 35. Ka1 1/2-1/2

[Event "ARG-ch 96th"]
[Site "Buenos Aires"]
[Date "2022.06.12"]
[Round "11"]
[White "Asprelli, Gaspar"]
[Black "Campos, Maria Jose"]
[Result "1/2-1/2"]
[WhiteElo "2179"]
[BlackElo "2159"]
[PlyCount "173"]
[EventDate "2022.06.02"]
[EventType "swiss"]
[EventRounds "11"]
[EventCountry "ARG"]
[SourceTitle "EXT 2023"]
[Source "ChessBase"]
[SourceDate "2022.10.05"]
[SourceVersion "1"]
[SourceVersionDate "2022.10.05"]
[SourceQuality "1"]

1. e4 e5 2. Nf3 Nc6 3. Bb5 a6 4. Ba4 Nf6 5. 0-0 b5 6. Bb3 Bb7 7. d3 Bd6 8. a4 Na5 9. Ba2 0-0 10. Nc3 b4 11. Ne2 b3 12. cxb3 Nc6 13. b4 Nxb4 14. Bc4 h6 15. Ng3 Bc5 16. Nxe5 d5 17. exd5 Bxd5 18. Bf4 Re8 19. Ng4 Re6 20. Be3 Bf8 21. Rc1 Kh8 22. Nxf6 Rxf6 23. Qh5 Rg6 24. Rfd1 Rb8 25. b3 c6 26. Ne4 Rb7 27. g3 Kh7 28. Nc5 Re7 29. Qh4 f6 30. Bd2 a5 31. Bxb4 axb4 32. Qd4 Rg5 33. Ne4 Rh5 34. Bxd5 Rxd5 35. Qa1 f5 36. Nd2 Rxd3 37. Nc4 Re2 38. Ne5 Rxd1+ 39. Rxd1 Qb6 40. Rf1 Bc5 41. Nd3 Bd4 42. Qd1 Re7 43. Qf3 g6 44. h4 h5 45. Rd1 c5 46. Nf4 Qd6 47. Kg2 Qe5 48. Nh3 Qe2 49. Nf4 Qc2 50. Rd3 Qa2 51. a5 Re4 52. Rd1 Qxa5 53. Nh3 Kg7 54. Ng5 Re7 55. Qd5 Qb6 56. Re1 Qf6 57. Re6 Rxe6 58. Nxe6+ Kh6 59. Qd7 Qh8 60. Qf7 Qf6 61. Qd7 Qh8 62. Ng5 Qg7 63. Qe8 Bf6 64. Nf3 Kh7 65. Qc6 Qe7 66. Kf1 Kg7 67. Qd5 Qc7 68. Nd2 Qd8 69. Qxd8 Bxd8 70. Ke2 g5 71. hxg5 Bxg5 72. Nf3 Be7 73. Kd3 Kf6 74. Nh4 Kg5 75. Ng2 Bd6 76. f4+ Kg4 77. Ne3+ Kxg3 78. Nxf5+ Kg2 79. Nxd6 h4 80. Nf5 h3 81. Ne3+ Kf3 82. Nf1 Kxf4 83. Kc4 Kf3 84. Kxc5 Kg2 85. Ne3+ Kf3 86. Nf1 Kg2 87. Ne3+ 1/2-1/2

[Event "ARG-ch 96th"]
[Site "Buenos Aires"]
[Date "2022.06.08"]
[Round "7"]
[White "Asprelli, Gaspar"]
[Black "Semprevivo, Florencia"]
[Result "1-0"]
[WhiteElo "2179"]
[BlackElo "1972"]
[PlyCount "91"]
[EventDate "2022.06.02"]
[EventType "swiss"]
[EventRounds "11"]
[EventCountry "ARG"]
[SourceTitle "CBM 208 Extra"]
[Source "ChessBase"]
[SourceDate "2022.07.31"]
[SourceVersion "1"]
[SourceVersionDate "2022.07.31"]
[SourceQuality "1"]

1. e4 d5 2. exd5 Qxd5 3. Nc3 Qd8 4. g3 g6 5. Bg2 Bg7 6. Nge2 e5 7. 0-0 Ne7 8. d3 0-0 9. Rb1 Nbc6 10. Bg5 h6 11. Bxe7 Nxe7 12. Nc1 Rb8 13. Nb3 b6 14. Re1 c5 15. Nd2 Nf5 16. Nc4 Re8 17. a4 Bb7 18. Be4 Nd4 19. Nb5 Bxe4 20. dxe4 a6 21. Nc3 f5 22. exf5 gxf5 23. Qh5 Qg5 24. Qxg5 hxg5 25. Red1 Nxc2 26. Nd5 Nd4 27. Ncxb6 Red8 28. a5 Kf7 29. Kg2 Rb7 30. b4 Bf8 31. bxc5 Bxc5 32. Rdc1 Bd6 33. Nc4 Nb5 34. Nxd6+ Rxd6 35. Ne3 Ke6 36. Rc5 f4 37. Nc4 f3+ 38. Kh3 Rd4 39. g4 Re4 40. Kg3 Ra7 41. Kxf3 Rf4+ 42. Kg3 Re4 43. Ne3 Kd6 44. Rc8 Ra4 45. Rg8 Ke6 46. Rg6+ 1-0

[Event "ARG-ch 96th"]
[Site "Buenos Aires"]
[Date "2022.06.06"]
[Round "5"]
[White "Asprelli, Gaspar"]
[Black "Brizzi, Milagros Tatiana"]
[Result "0-1"]
[WhiteElo "2179"]
[BlackElo "2011"]
[PlyCount "113"]
[EventDate "2022.06.02"]
[EventType "swiss"]
[EventRounds "11"]
[EventCountry "ARG"]
[SourceTitle "CBM 208 Extra"]
[Source "ChessBase"]
[SourceDate "2022.07.31"]
[SourceVersion "1"]
[SourceVersionDate "2022.07.31"]
[SourceQuality "1"]

1. e4 c6 2. c4 d5 3. exd5 cxd5 4. cxd5 Nf6 5. Nc3 g6 6. Bc4 Bg7 7. Nf3 0-0 8. 0-0 Na6 9. d4 Nc7 10. Qb3 b5 11. Nxb5 Rb8 12. Bf4 Nfxd5 13. Bxd5 Rxb5 14. Bxc7 Qxd5 15. Qxd5 Rxd5 16. Rfe1 Rd7 17. Be5 Bb7 18. Rac1 Rfd8 19. h3 f6 20. Bc7 Rc8 21. Bf4 Rxc1 22. Rxc1 Bxf3 23. gxf3 Rxd4 24. Be3 Ra4 25. a3 f5 26. Rc2 Kf7 27. Bc5 g5 28. Bb4 Ra6 29. b3 Bd4 30. Rc4 e5 31. Kg2 h6 32. Rc7+ Kg6 33. Rc4 Kf7 34. Rc8 Kg6 35. Bf8 Rf6 36. Bc5 Bxc5 37. Rxc5 Rb6 38. b4 Kf6 39. Ra5 a6 40. Rc5 Ke6 41. Kf1 Kd6 42. Ra5 h5 43. h4 gxh4 44. Kg2 f4 45. Kh3 Ke6 46. Kxh4 Kf5 47. Kxh5 Rd6 48. a4 Rd4 49. Rxa6 Rxb4 50. Kh6 Rb3 51. Kg7 Rxf3 52. Rh6 Ra3 53. Rh5+ Ke4 54. Kf6 Rxa4 55. Rxe5+ Kf3 56. Kf5 Kxf2 57. Rb5 0-1

[Event "Buenos Aires San Martin Memorial"]
[Site "Buenos Aires"]
[Date "2020.03.06"]
[Round "1"]
[White "Campos, Maria Jose"]
[Black "Asprelli, Gaspar"]
[Result "1-0"]
[WhiteElo "2067"]
[BlackElo "1932"]
[PlyCount "49"]
[EventDate "2020.03.06"]
[EventType "tourn"]
[EventRounds "9"]
[EventCountry "ARG"]
[SourceTitle "CBM 195 Extra"]
[Source "ChessBase"]
[SourceDate "2020.05.31"]
[SourceVersion "1"]
[SourceVersionDate "2020.05.31"]
[SourceQuality "1"]

1. c4 e5 2. g3 c6 3. d4 e4 4. Nc3 Bb4 5. Bg2 d5 6. cxd5 cxd5 7. f3 f5 8. Nh3 Qa5 9. 0-0 Bxc3 10. bxc3 Qxc3 11. Bd2 Qxd4+ 12. e3 Qe5 13. Rc1 Nc6 14. Bc3 Qe7 15. Qxd5 Be6 16. Qb5 Nh6 17. Nf4 0-0 18. Nxe6 Qxe6 19. Qxb7 Ne5 20. fxe4 Rad8 21. exf5 Nxf5 22. Qe4 Rde8 23. Qd5 Nxe3 24. Rxf8+ Kxf8 25. Qc5+ 1-0

[Event "Buenos Aires Argentino CC 114th"]
[Site "Buenos Aires"]
[Date "2020.01.14"]
[Round "3"]
[White "Asprelli, Gaspar"]
[Black "Manzone, Alessandro Jr"]
[Result "0-1"]
[WhiteElo "1886"]
[BlackElo "2386"]
[PlyCount "46"]
[EventDate "2020.01.13"]
[EventType "tourn"]
[EventRounds "9"]
[EventCountry "ARG"]
[SourceTitle "CBM 194 Extra"]
[Source "ChessBase"]
[SourceDate "2020.03.31"]
[SourceVersion "1"]
[SourceVersionDate "2020.03.31"]
[SourceQuality "1"]

1. e4 c5 2. Nf3 e6 3. d4 cxd4 4. Nxd4 a6 5. c4 Nf6 6. Nc3 Qc7 7. a3 b6 8. Be2 Bb7 9. f3 Be7 10. Be3 d6 11. Rc1 Nbd7 12. Qd2 0-0 13. 0-0 Rfc8 14. g4 h6 15. h4 d5 16. cxd5 Qg3+ 17. Kh1 Ne5 18. Rf2 Bd6 19. Rg1 Qh3+ 20. Rh2 Qxh2+ 21. Kxh2 Nxf3+ 22. Kh3 Nxd2 23. Bxd2 Bc5 0-1